000 01638cam a22004694i 4500
003 PE-LiUPU
005 20250731173533.0
008 150616s1994 miu rb 000 0 eng d
020 _a0801099390
035 _a(Sirsi) i9780801099397
040 _aPE-LiUPU
_bspa
_cPE-LiUPU
_erda
049 _aPRUA
082 0 4 _a223.806
_bR77
_221
100 1 _aZuck, Roy B.,
_eautor.
245 1 0 _aReflecting With Solomon /
_cEditado por Roy B. Zuck.
264 1 _aGrand Rapids, Michigan :
_bBaker Books,
_c1994.
300 _a426 páginas ;
_c22 centímetros
336 _atext
_2rdacontent
337 _aunmediated
_2rdamedia
338 _avolume
_2rdacarrier
504 _aIncluye bibliografía.
505 0 _aOverview of the book of Ecclesiastes -- Specific themes and passages in the book of Ecclesiastes.
526 _aSEG42
526 _aSEG41
526 _aSEG40
526 _aSEG39
526 _aP94
526 _aP87
526 _aP86
526 _aP85
526 _aP77
526 _aP76
526 _aP35
630 _aBiblia.
_pA.T.
_pEclesiastés
_xCrítica, interpretación, etc.
910 _ajck
_bjvq
_cjck
942 _2ddc
_cBOOK
949 _a223.806 R77
_wDEWEY
_c1
_i42343
_d2016-6-23
_e2016-6-23
_lCCODEBUL1
_mBUL
_n1
_r0
_sY
_tBOOK
_u2015-6-16
_xTEOLOGIA
_zUNKNOWN
_0COMPRA
_o.STAFF. Colección Teología
994 _aC0
_bPEPRU
596 _a1
999 _a223.806 R77
_wDEWEY
_c60175
_i42343
_d60175
_e2016-6-23
_f2021-11-11
_g5
_lCCODEBUL1
_mBUL
_n1
_p20.00
_r0
_sY
_tBOOK
_u2015-6-16
_xTEOLOGIA
_PP35
_0COMPRA
_o.STAFF. Colección Teología
980 _81
_gALBERTO SANCHEZ Responsable de Automatización